000 02501cam a22004814i 4500
003 PE-LiUPU
005 20250731173409.0
008 150706s2007 oru r 000 0 spa d
020 _a9781593830434
035 _a(Sirsi) i9781593830434
040 _aPE-LiUPU
_bspa
_cPE-LiUPU
_erda
049 _aPRUA
082 0 4 _a253
_bD15
_221
100 1 _aDamazio, Frank,
_eautor.
245 1 3 _aLa hechura de un líder :
_bprincipios de liderazgo bíblico para los líderes de hoy /
_cFrank Damazio.
264 1 _aOregon :
_bCity Christian Publishing,
_c2007.
300 _a505 páginas ;
_c24 centímetros
336 _atext
_2rdacontent
337 _aunmediated
_2rdamedia
338 _avolume
_2rdacarrier
500 _aUn clásico de liderazgo -- en cubierta.
505 0 _aLa naturaleza del liderazgo -- Liderazgo de la iglesia: antecedentes y conflictos -- El llamado del liderazgo -- La respuesta del hombre al llamado de Dios -- Las cualidades del corazón del líder -- El líder y el corazón de pastor -- La preparación del líder -- La preparación en el curso de la vida de Josué y Samuel -- Principios de la preparación -- Eliseo, David, Timoteo -- Las pruebas de la preparación del ministerio -- La prueba del ascenso -- La Ley de la reproducción en el liderazgo -- Ministerios guerreros del líder -- Ministerios de restauración del líder -- Ministerios del crecimiento del líder -- La función del liderazgo -- Ministrando en equipo -- La unción del espíritu Santo -- Cristo, el Líder ungido -- Advertencia del nuevo testamento -- Disciplina y restauración del líderes y miembros de la iglesia.
526 _aSEG42
526 _aSEG41
526 _aSEG40
526 _aSEG39
526 _aP94
526 _aP87
526 _aP86
526 _aP85
526 _aP77
526 _aP76
526 _aP35
541 _g001-0000535;
650 0 4 _aLiderazgo cristiano.
650 0 4 _aLiderazgo
_xAspectos religiosos.
910 _agl
_bjv
_cng
_d20110927
942 _2ddc
_cBOOK
949 _a253 D15
_wDEWEY
_c1
_i63709
_lCCODEBUL1
_mBUL
_p25.00
_r0
_sY
_tBOOK
_u2015-7-6
_xTEOLOGIA
_PP35
_o.STAFF. Colección General
994 _aC0
_bPEPRU
596 _a1
999 _a253 D15
_wDEWEY
_c52607
_i63709
_d52607
_e2016-5-15
_f2021-11-10
_g5
_lCCODEBUL1
_mBUL
_n3
_p25.00
_q2
_r0
_sY
_tBOOK
_u2015-7-6
_xTEOLOGIA
_PP35
_0COMPRA
_o.STAFF. Colección Teología
980 _81
_gALBERTO SANCHEZ Responsable de Automatización